A lesson in sensitivities (Record no. 76642)

MARC details
000 -LEADER
fixed length control field 00852cab a2200169 4500
001 - CONTROL NUMBER
control field ##L132809
008 - FIXED-LENGTH DATA ELEMENTS--GENERAL INFORMATION
fixed length control field 060310n2006 000 0 eng u
035 ## - SYSTEM CONTROL NUMBER
System control number (Sirsi) u132809
041 0# - LANGUAGE CODE
Language code of text/sound track or separate title eng
245 02 - TITLE STATEMENT
Title A lesson in sensitivities
260 ## - PUBLICATION, DISTRIBUTION, ETC.
Date of publication, distribution, etc. 2006
490 #0 - SERIES STATEMENT
Series statement Project
Volume/sequential designation 18(8) March 2006, 12-13(2)
520 ## - SUMMARY, ETC.
Summary, etc. Reports how Faithful and Gould successfully undertook the management of a complex and sensitive regeneration development in Newcastle-upon-Tyne. The project management strategy identified key issues including communicating with the numerous stakeholders, client management and co-ordination of the design team, and programme management. In addition, contractors and major sub-contractors were appointed on a quality-only basis.
590 ## - LOCAL NOTE (RLIN)
Local note IKA140306
690 ## - LOCAL SUBJECT ADDED ENTRY--TOPICAL TERM (OCLC, RLIN)
Topical term or geographic name as entry element MANAGEMENT-PROJECT MANAGEMENT-PROGRAMME MANAGEMENT
942 ## - ADDED ENTRY ELEMENTS (KOHA)
Suppress in OPAC 0
Holdings
Withdrawn status Lost status Source of classification or shelving scheme Damaged status Not for loan Home library Current library Shelving location Date acquired Total Checkouts Full call number Barcode Date last seen Copy number Price effective from Koha item type
    Dewey Decimal Classification     London London Journal article 10/03/2006   L132809 132809-1001 06/08/2019 1 06/08/2019 Journal article